000 004230000a22001690004500
003 MACL
005 20160109171702.0
008 160109b xxu||||| |||| 00| 0 eng d
040 _aMACL
_cMACL
041 _aEnglish
082 _a826/VIG
100 _aVignaud, Henry
_930637
245 _aThe Letter and Chart of Toscanelli
260 _bSands & Co
_c1902
_aLondon
650 _aLetters
_930638
942 _cBK
_k826/VIG
_2ddc
999 _c36960
_d36960